000 00413pab a2200169 454500
008 180718b2002 xxu||||| |||| 00| 0 eng d
100 _aJha, Dayanatha
245 _aAgricultural research
260 _c2002
300 _ap.247-54.
362 _aAug
650 _aTenth Five Year Plan
650 _aResearch
650 _aAgricultural research
773 _aAgricultural Situation in India
909 _a56190
999 _c56190
_d56190